000 00735nam a2200253Ia 4500
003 OSt
005 20220928111345.0
006 a|||||r|||| 00| 0
007 ta
008 220927b |||||||| |||| 00| 0 eng d
024 _a58111
037 _cTextual
040 _aSDCL
_cSDCL
_beng
041 _2eng
_aeng
082 _aR625x6,1,6, L6
100 _aMathuranatha
_9423398
245 0 _aTattvacintamani .
260 _aVaranasi
_bSampurnanand Sanskrita Vishavidyalaya
_c1976
300 _a75p.
_ccm.
490 _aM.M Sivakumarasastri granthamala V.2 .
700 _a Sukla Badarinatha Ed.
_9423399
942 _hR625x6,1,6, L6
_cTEXL
_2CC
999 _c739906
_d739906